Public finance (Record no. 3171)
[ view plain ]
| 000 -LEADER | |
|---|---|
| fixed length control field | 01743nam a2200229 4500 |
| 020 ## - INTERNATIONAL STANDARD BOOK NUMBER | |
| ISBN | 9780071267885 |
| 020 ## - INTERNATIONAL STANDARD BOOK NUMBER | |
| ISBN | 0071267883 |
| 050 ## - CALL NUMBER | |
| Classification number | HJ257.2 |
| Item number | .R71 |
| 100 ## - AUTHOR | |
| Personal name | Harvey S Rosen; |
| 110 ## - AUTHOR | |
| CORPORATE AUTHOR | Ted Gayer |
| 245 ## - TITLE | |
| Title | Public finance |
| Statement of responsibility, etc | Harvey S Rosen; Ted Gayer |
| 250 ## - EDITION | |
| Edition statement | 9th ed. |
| 260 ## - PUBLICATION INFORMATION | |
| Place of publication | New York : |
| Name of publisher | McGraw-Hill, |
| Year of publication | 2010. |
| 300 ## - DESCRIPTION | |
| Number of Pages | xxii 595 p : |
| Other physical details | color illustrations ; |
| Dimensions | 26 cm. |
| 440 ## - SERIES | |
| SERIES | McGraw-Hill series in economics. |
| 500 ## - NOTES | |
| General note | Includes Index |
| 505 ## - FORMATTED CONTENTS NOTE | |
| Table of Content | PART I: GETTING STARTED<br/>Chapter 1: Introduction<br/>Chapter 2: Tools of Positive Analysis<br/>Chapter 3: Tools of Normative Analysis<br/><br/>PART II: PUBLIC EXPENDITURE: PUBLIC GOODS AND EXTERNALITIES<br/>Chapter 4: Public Goods Defined<br/>Chapter 5: Externalities<br/>Chapter 6: Political Economy<br/>Chapter 7: Education<br/>Chapter 8: Cost - Benefit Analysis<br/><br/>PART III: PUBLIC EXPENDITURE: SOCIAL INSURANCE AND INCOME MAINTENANCE<br/>Chapter 9: The Health Care Market<br/>Chapter 10: Government and the Market for Health Care<br/>Chapter 11: Social Security<br/>Chapter 12: Income Redistribution: Conceptual Issues<br/>Chapter 13: Expenditure Programs for the Poor<br/><br/>PART IV: FRAMEWORK FOR TAX ANALYSIS<br/>Chapter 14: Taxation and Income Distribution<br/>Chapter 15: Taxation and Efficiency<br/>Chapter 16: Efficient and Equitable Taxation<br/><br/>PART V: THE UNITED STATES REVENUE SYSTEN<br/>Chapter 17: The Personal Income Tax<br/>Chapter 18: Personal Taxation and Behavior<br/>Chapter 19: The Corporation Tax<br/>Chapter 20: Deficit Finance<br/>Chapter 21: Fundamental Tax Reform: Taxes on Consumption and Wealth<br/><br/>PART VI: MULTIGOVERNMENT PUBLIC FINANCE<br/>Chapter 22: Public Finance in a Federal System<br/> |
| 650 ## - SUBJECTS | |
| Topical Term | Public Finance |
| 700 ## - OTHER AUTHORS | |
| Personal name | Harvey S Rosen; |
| 710 ## - OTHER AUTHORS | |
| OTHER AUTHORS | Ted Gayer |
| 942 ## - ADDED ENTRY ELEMENTS (KOHA) | |
| Koha item type | Books |
| Withdrawn status | Lost status | Home library | Current library | Shelving location | Date acquired | Full call number | Accession Number | Koha item type | Collection code |
|---|---|---|---|---|---|---|---|---|---|
| Methodist University Library Main | Methodist University Library Main | General Stacks | 24/06/2014 | HJ257.2 .R71 | 39749 | Books | Reference | ||
| Methodist University Library Tema | Methodist University Library Tema | Reference | 04/04/2015 | HJ257.2 .R71 | 1277 | Books |